000 00332nam a2200145Ia 4500
008 230917s9999||||xx |||||||||||||| ||und||
040 _e38390
_aMAIN
041 _aEnglish
082 _a658.1554 H27I
100 _aHasan, Zubair
245 0 _aTheory of profit
260 _aDelhi
_bVikas
_c1975
300 _a182 p.
942 _cBK
999 _c149991
_d149991